[Event "Bob Wade mem Challengers 2"]
[Site "Howick"]
[Date "2023.01.19"]
[Round "8"]
[White "Wang, Daniel"]
[Black "Chang, Yolanda"]
[Result "1-0"]
[WhiteElo "1793"]
[BlackElo "1508"]
[PlyCount "105"]
[EventDate "2023.01.14"]
[EventType "tourn"]
[EventRounds "9"]
[EventCountry "NZL"]
[SourceTitle "EXT 2024"]
[Source "ChessBase"]
[SourceDate "2023.10.10"]
[SourceVersion "1"]
[SourceVersionDate "2023.10.10"]
[SourceQuality "1"]

1. e4 c6 2. d4 d5 3. e5 c5 4. c4 cxd4 5. Qxd4 Nc6 6. Qxd5 Qxd5 7. cxd5 Nxe5 8. Bf4 Ng6 9. Bg3 Nf6 10. Nc3 e6 11. Bb5+ Bd7 12. Bxd7+ Nxd7 13. dxe6 fxe6 14. Nf3 Bb4 15. 0-0 0-0 16. Nb5 e5 17. Rad1 Nb6 18. Nxe5 Nxe5 19. Bxe5 Nc4 20. Bc3 Bxc3 21. Nxc3 Nxb2 22. Rb1 Rac8 23. Rxb2 Rxc3 24. Rxb7 Ra3 25. Rc1 Rxa2 26. f3 Ra6 27. Rcc7 Rg6 28. Rxa7 h6 29. h4 h5 30. Kh2 Rd8 31. Rc5 Rh6 32. Kh3 Rf8 33. Rb7 Kh8 34. Kg3 Kg8 35. Kf2 Re8 36. Kg3 Rf8 37. Re5 Kh8 38. Rd7 Kg8 39. Kf2 Rff6 40. g3 Rf8 41. f4 Rff6 42. Kf3 Rf8 43. Ke4 Rg6 44. Rd3 Rh6 45. f5 Rhf6 46. Red5 Ra8 47. Kf4 Ra4+ 48. R3d4 Ra8 49. Kg5 Ra3 50. Kf4 Ra8 51. Re5 Kh7 52. Re3 Raf8 53. Rd5 1-0

[Event "Bob Wade mem Challengers 2"]
[Site "Howick"]
[Date "2023.01.18"]
[Round "7"]
[White "Wang, Daniel"]
[Black "Tang, Tracy"]
[Result "1-0"]
[WhiteElo "1793"]
[BlackElo "1379"]
[PlyCount "87"]
[EventDate "2023.01.14"]
[EventType "tourn"]
[EventRounds "9"]
[EventCountry "NZL"]
[SourceTitle "EXT 2024"]
[Source "ChessBase"]
[SourceDate "2023.10.10"]
[SourceVersion "1"]
[SourceVersionDate "2023.10.10"]
[SourceQuality "1"]

1. d4 Nf6 2. c4 c5 3. d5 b5 4. cxb5 a6 5. bxa6 Bxa6 6. Nc3 g6 7. e4 Bxf1 8. Kxf1 d6 9. Nf3 Bg7 10. g3 0-0 11. Kg2 Nbd7 12. a4 Qb6 13. Qe2 Rfb8 14. Bd2 Ne8 15. Rhb1 Nc7 16. Ra3 Na6 17. b3 Nb4 18. Nb5 Qa6 19. Bc1 Nb6 20. Qd1 Qa5 21. Nd2 Nd3 22. Nc4 Nxc4 23. bxc4 Nxc1 24. Qxc1 Qd8 25. f4 Ra5 26. Qc2 Rba8 27. Re1 Qb8 28. h4 h5 29. Re2 R5a6 30. Qd1 Qb6 31. Rea2 Qa5 32. Qe2 Qb4 33. Qc2 Rc8 34. a5 Rb8 35. Kf1 Rxb5 36. cxb5 Qxb5+ 37. Qe2 Qb1+ 38. Kg2 Bd4 39. Qxa6 Qg1+ 40. Kf3 Qh1+ 41. Rg2 Qc1 42. Qd3 c4 43. Qxd4 Qxa3+ 44. Qe3 1-0